Cataloguing practice (Record no. 260)

MARC details
000 -LEADER
fixed length control field 00347nam a2200145Ia 4500
020 ## - INTERNATIONAL STANDARD BOOK NUMBER
ISBN 0-210-2281-6
082 ## - DEWEY DECIMAL CLASSIFICATION NUMBER
Classification number 025.32 RAN-;
100 ## - MAIN ENTRY--AUTHOR NAME
Personal name Ranganathan, S.R.
245 #0 - TITLE STATEMENT
Title Cataloguing practice
250 ## - EDITION STATEMENT
Edition statement 2nd
260 ## - PUBLICATION, DISTRIBUTION, ETC. (IMPRINT)
Place of publication New York
Name of publisher Asia Publishing
Year of publication 1974
650 ## - SUBJECT ADDED ENTRY--TOPICAL TERM
Topical Term Library science
650 ## - SUBJECT ADDED ENTRY--TOPICAL TERM
Topical Term Cataloging - Study and teaching
942 ## - ADDED ENTRY ELEMENTS (KOHA)
Koha item type Books
Holdings
Withdrawn status Lost status Damaged status Not for loan Home library Current library Date acquired Full call number Accession Number Price effective from Koha item type
        NASSDOC Library NASSDOC Library 08/06/2004 025.32 RAN-; 7862 18/04/2019 Books